مكتبة جامعة عجلون الوطنية

فهرس بحث المكتبة

Normal view MARC view
  • ابو الشعر، هند غسان توفيق

Entry Personal Name

Number of records used in: 2

001 - CONTROL NUMBER

  • control field: 65152

003 - CONTROL NUMBER IDENTIFIER

  • control field: JO-AjAnu

005 - DATE AND TIME OF LATEST TRANSACTION

  • control field: 20240326101021.0

008 - FIXED-LENGTH DATA ELEMENTS

  • fixed length control field: 240326|| aca||aabn | a|a d

040 ## - CATALOGING SOURCE

  • Original cataloging agency: JO-AjAnu

100 ## - HEADING--PERSONAL NAME

  • Personal name: ابو الشعر، هند غسان توفيق
  • Relator term: معد